Adaptive optics systems and technology II (Record no. 14731)

MARC details
000 -LEADER
fixed length control field 00813nam a2200229Ia 4500
003 - CONTROL NUMBER IDENTIFIER
control field IN-BaIIA
008 - FIXED-LENGTH DATA ELEMENTS--GENERAL INFORMATION
fixed length control field 211028s9999 xx 000 0 eng d
020 ## - INTERNATIONAL STANDARD BOOK NUMBER
International Standard Book Number 0-8194-4208-9
040 ## - CATALOGING SOURCE
Transcribing agency IIA Library
080 ## - UNIVERSAL DECIMAL CLASSIFICATION NUMBER
Universal Decimal Classification number 535(082.1)
Item number SPI-4494
245 #0 - TITLE STATEMENT
Title Adaptive optics systems and technology II
Statement of responsibility, etc. edited by Robert K. Tyson, Domenico Bonaccini and Michael C. Roggemann
260 ## - PUBLICATION, DISTRIBUTION, ETC.
Place of publication, distribution, etc. Washington, D. C.
Name of publisher, distributor, etc. The International Society for Optical Engineering
Date of publication, distribution, etc. 2002
300 ## - PHYSICAL DESCRIPTION
Extent vii, 374p.
490 ## - SERIES STATEMENT
Series statement SPIE proceedings series; v. 4494
650 ## - SUBJECT ADDED ENTRY--TOPICAL TERM
Topical term or geographic name entry element Adaptive optics systems
9 (RLIN) 26372
650 ## - SUBJECT ADDED ENTRY--TOPICAL TERM
Topical term or geographic name entry element Laser guided stars
9 (RLIN) 26373
650 ## - SUBJECT ADDED ENTRY--TOPICAL TERM
Topical term or geographic name entry element Wavefront sensing
9 (RLIN) 26374
700 ## - ADDED ENTRY--PERSONAL NAME
Personal name Bonaccini, Domenico, ed.
9 (RLIN) 26375
700 ## - ADDED ENTRY--PERSONAL NAME
Personal name Roggemann, Michael C., ed.
9 (RLIN) 26376
700 ## - ADDED ENTRY--PERSONAL NAME
Personal name Tyson, Robert K., ed.
9 (RLIN) 24668
942 ## - ADDED ENTRY ELEMENTS (KOHA)
Koha item type Books
Holdings
Withdrawn status Lost status Damaged status Not for loan Home library Current library Shelving location Date acquired Total Checkouts Full call number Barcode Date last seen Price effective from Koha item type
        IIA Library-Bangalore IIA Library-Bangalore General Stacks 06/08/2002   535(082.1)/ SPI-4494 15653 05/11/2021 06/08/2002 Books

Powered by Koha